បែបផែន នៃការធ្វើអាជីវកម្មដំណាំ កៅស៊ូ (Record no. 16)

000 -LEADER
fixed length control field 00445nam a22001457a 4500
003 - CONTROL NUMBER IDENTIFIER
control field OSt
005 - DATE AND TIME OF LATEST TRANSACTION
control field 20150905113030.0
008 - FIXED-LENGTH DATA ELEMENTS--GENERAL INFORMATION
fixed length control field 150905b xxu||||| |||| 00| 0 eng d
040 ## - CATALOGING SOURCE
Transcribing agency RUA
082 ## - DEWEY DECIMAL CLASSIFICATION NUMBER
Classification number AGR អ៊ុក 192 BOO3 Or.1
100 ## - MAIN ENTRY--PERSONAL NAME
9 (RLIN) 18
Personal name អ៊ុក បូរ៉ា
245 ## - TITLE STATEMENT
Title បែបផែន នៃការធ្វើអាជីវកម្មដំណាំ កៅស៊ូ
300 ## - PHYSICAL DESCRIPTION
Extent 100p.
Other physical details ill.
Dimensions 29cm.
942 ## - ADDED ENTRY ELEMENTS (KOHA)
Source of classification or shelving scheme
Koha item type AGR

No items available.

មជ្ឈមណ្ឌលឯការនៃសាកលវិទ្យាល័យភូមិន្ទកសិកម្មចំការដូង

Powered by Koha